Library of the University of Algiers 3
Ibrahim Sultan Cheibout
شعار جامعة الجزائر 3
مكتبة جامعة الجزائر 3
إبراهيم سلطان شيبوط

دراسات في المحاسبة الحكومية / (رقم التسجيلة. 45208)

تفاصيل مارك
000 -LEADER
fixed length control field 01394nam a2200217Ia 4500
003 - CONTROL NUMBER IDENTIFIER
control field Ost
005 - DATE AND TIME OF LATEST TRANSACTION
control field 20260507075631.0
008 - FIXED-LENGTH DATA ELEMENTS--GENERAL INFORMATION
fixed length control field 260507s9999||||xx |||||||||||||| ||und||
040 ## - CATALOGING SOURCE
Transcribing agency fsecg
041 ## - LANGUAGE CODE
Language code of text/sound track or separate title ara
082 ## - DEWEY DECIMAL CLASSIFICATION NUMBER
Classification number 657.835
100 ## - MAIN ENTRY--PERSONAL NAME
Personal name الجمال، محمد رشيد عبده
Relator term مؤلف
245 #0 - TITLE STATEMENT
Title دراسات في المحاسبة الحكومية /
Statement of responsibility, etc. محمد رشيد عبده الجمال
260 ## - PUBLICATION, DISTRIBUTION, ETC.
Place of publication, distribution, etc. الاسكندرية:
Name of publisher, distributor, etc. الدار الجامعية,
Date of publication, distribution, etc. [د.ت.]
300 ## - PHYSICAL DESCRIPTION
Extent 368 صفحة؛
Dimensions 24 سم
520 ## - SUMMARY, ETC.
Summary, etc. تجد في هذا الكتاب : المحاسبة الحكومية ، نطاق تطبيق المحاسبة الحكومية ، الإطار الفكري للمحاسبة الحكومية ومواقعها في المعرفة المحاسبية ، الموازنة العامة للدولة وموقعها من نظام المحاسبة الحكومية ، المصروفات العامة طرائق الصرف ، نظام المراقبة الداخلية ، الصرف عن الموازنة الإستثمارية بواسطة البنك الإستثمار القومي ، التقارير الدولية والحساب الختامي للدولة
653 ## - INDEX TERM--UNCONTROLLED
Uncontrolled term التقارير المالية
653 ## - INDEX TERM--UNCONTROLLED
Uncontrolled term المحاسبة الحكومية
700 ## - ADDED ENTRY--PERSONAL NAME
Personal name الدميري، علاء الدين محمد
Relator term مؤلف ثانوي
942 ## - ADDED ENTRY ELEMENTS (KOHA)
Koha item type كتب
المقتنيات
Withdrawn status Lost status Source of classification or shelving scheme Damaged status Not for loan Home library Current library Date acquired Serial enumeration / chronology Inventory number Total checkouts Full call number Barcode Date last seen Price effective from Koha item type
    Dewey Decimal Classification   NOT LOAN / إعارة داخلية مكتبة كلية العلوم الإقتصادية والعلوم التجارية وعلوم التسيير مكتبة كلية العلوم الإقتصادية والعلوم التجارية وعلوم التسيير 07/05/2026 الطابق الأرضي 704/1   أ/704ن1 704/1 07/05/2026 07/05/2026 كتب
    Dewey Decimal Classification   Available مكتبة كلية العلوم الإقتصادية والعلوم التجارية وعلوم التسيير مكتبة كلية العلوم الإقتصادية والعلوم التجارية وعلوم التسيير 07/05/2026 الطابق الأرضي 704/2   أ/704ن2 704/2 07/05/2026 07/05/2026 كتب
    Dewey Decimal Classification   Available مكتبة كلية العلوم الإقتصادية والعلوم التجارية وعلوم التسيير مكتبة كلية العلوم الإقتصادية والعلوم التجارية وعلوم التسيير 07/05/2026 الطابق الثاني 704/3   أ/704ن3 704/3 07/05/2026 07/05/2026 كتب

موارد الويب المفتوحة


© University of Algiers 3 All Rights Reserved
|
Implemented by LECHELAH Riad